Plánovanie rozvoja zamestnancov a spôsoby ich vzdelávania
Analýza súčasného stavu systému vzdelávania a rozvoja zamestnancov v Slovenskej legálnej metrológii, n.o. Dotazníkový prieskum názorov zamestnancov SLM, n.o. na existujúci systém vzdelávania a rozvoja zamestnancov. Zhodnotenie súčasného stavu systému vzdelávania a návrh opatrení na zvýšenie jeho efe...
Uložené v:
| Hlavný autor: | |
|---|---|
| Médium: | Kapitola |
| Jazyk: | Slovak |
| Predmet: | |
| Tagy: |
Žiadne tagy, Buďte prvý, kto otaguje tento záznam!
|
MARC
| LEADER | 00000nla$a2200000$$$4500 | ||
|---|---|---|---|
| 001 | 0068408 | ||
| 005 | 20240502071827.7 | ||
| 041 | 0 | |a slo | |
| 044 | |a SK | ||
| 245 | 1 | 0 | |a Plánovanie rozvoja zamestnancov a spôsoby ich vzdelávania |c Petra Pötheová |
| 520 | |a Analýza súčasného stavu systému vzdelávania a rozvoja zamestnancov v Slovenskej legálnej metrológii, n.o. Dotazníkový prieskum názorov zamestnancov SLM, n.o. na existujúci systém vzdelávania a rozvoja zamestnancov. Zhodnotenie súčasného stavu systému vzdelávania a návrh opatrení na zvýšenie jeho efektívnosti. Aplikácia nových prístupov v podnikovom vzdelávaní. | ||
| 610 | 2 | 0 | |a vzdelávanie |
| 610 | 2 | 0 | |a podnik |
| 610 | 2 | 0 | |a zamestnanci |
| 610 | 2 | 0 | |a vzdelávanie elektronické |
| 610 | 2 | 0 | |a koučovanie |
| 610 | 2 | 0 | |a brainstorming |
| 610 | 2 | 0 | |a prieskum informačný |
| 100 | 1 | |a Pötheová, Petra | |